[Event "SN-2020-0-01011"]
[Site "LSS email"]
[Date "2020.01.05"]
[Round "?"]
[White "Oberlaender, Rolf"]
[Black "Plastinin, Alexandr"]
[Result "0-1"]
[WhiteElo "611"]
[BlackElo "996"]
[PlyCount "26"]
[EventDate "2019.12.14"]
[EventType "tourn (corr)"]
[EventRounds "6"]
[EventCountry "GER"]
[SourceTitle "Corr 2022"]
[Source "ChessBase"]
[SourceDate "2021.10.24"]
[SourceVersion "1"]
[SourceVersionDate "2021.10.24"]
[SourceQuality "1"]

1. e4 e5 2. Nf3 Nc6 3. Bc4 Be7 4. c3 d6 5. Qb3 Be6 6. Bxe6 fxe6 7. Qxe6 Nf6 8. Ng5 Qd7 9. Qf7+ Kd8 10. Na3 Rf8 11. Ne6+ Kc8 12. Nxf8 Bxf8 13. Qxf8+ Nd8 0-1

[Event "SN-2020-0-01011"]
[Site "LSS email"]
[Date "2020.01.05"]
[Round "?"]
[White "Oberlaender, Rolf"]
[Black "Vontina, Maria"]
[Result "0-1"]
[WhiteElo "611"]
[BlackElo "781"]
[PlyCount "22"]
[EventDate "2019.12.14"]
[EventType "tourn (corr)"]
[EventRounds "6"]
[EventCountry "GER"]
[SourceTitle "Corr 2022"]
[Source "ChessBase"]
[SourceDate "2021.10.24"]
[SourceVersion "1"]
[SourceVersionDate "2021.10.24"]
[SourceQuality "1"]

1. e4 e6 2. d4 d5 3. Nc3 Bb4 4. Bd2 dxe4 5. Nxe4 Be7 6. Nf3 Nf6 7. Neg5 0-0 8. Bc4 a6 9. 0-0 Nbd7 10. Qe2 h6 11. Ne4 b6 0-1

[Event "LSS No Engine Cup 196 Preliminary 0"]
[Site "LSS email"]
[Date "2019.12.19"]
[Round "?"]
[White "Mostowik, Pawel"]
[Black "Oberlaender, Rolf"]
[Result "1-0"]
[WhiteElo "2166"]
[BlackElo "1047"]
[PlyCount "41"]
[EventDate "2019.12.20"]
[EventType "tourn (corr)"]
[EventRounds "6"]
[EventCountry "GER"]
[SourceTitle "Corr 2022"]
[Source "ChessBase"]
[SourceDate "2021.10.24"]
[SourceVersion "1"]
[SourceVersionDate "2021.10.24"]
[SourceQuality "1"]

1. e4 e6 2. d4 d5 3. Nc3 Bb4 4. e5 c5 5. a3 Ba5 6. b4 Bb6 7. dxc5 Bc7 8. f4 Nc6 9. Nb5 Bb8 10. Nf3 a6 11. Nd6+ Bxd6 12. cxd6 f6 13. c4 Nh6 14. cxd5 exd5 15. Qxd5 Qb6 16. exf6 gxf6 17. Qh5+ Nf7 18. Bc4 Rf8 19. Ra2 Ncd8 20. Re2+ Kd7 21. Qf5+ 1-0

[Event "LSS No Engine Cup 196 Preliminary 0"]
[Site "LSS email"]
[Date "2019.12.19"]
[Round "?"]
[White "Oberlaender, Rolf"]
[Black "Courteille, Thierry"]
[Result "1-0"]
[WhiteElo "1047"]
[BlackElo "1574"]
[PlyCount "34"]
[EventDate "2019.12.20"]
[EventType "tourn (corr)"]
[EventRounds "6"]
[EventCountry "GER"]
[SourceTitle "Corr 2022"]
[Source "ChessBase"]
[SourceDate "2021.10.24"]
[SourceVersion "1"]
[SourceVersionDate "2021.10.24"]
[SourceQuality "1"]

1. e4 c5 2. d4 cxd4 3. c3 dxc3 4. Nxc3 e5 5. Bc4 Nf6 6. Nf3 Bb4 7. Qb3 Bxc3+ 8. Qxc3 d6 9. 0-0 Nxe4 10. Qb3 0-0 11. Rd1 a6 12. Nxe5 Qf6 13. Ng4 Bxg4 14. f3 Nc5 15. Qb6 Bxf3 16. Rxd6 Qh4 17. Bxf7+ Rxf7 1-0

[Event "LSS No Engine Cup 196 Preliminary 0"]
[Site "LSS email"]
[Date "2019.12.19"]
[Round "?"]
[White "Oberlaender, Rolf"]
[Black "Mueller Toepler, Michael"]
[Result "0-1"]
[WhiteElo "1047"]
[BlackElo "2029"]
[PlyCount "36"]
[EventDate "2019.12.20"]
[EventType "tourn (corr)"]
[EventRounds "6"]
[EventCountry "GER"]
[SourceTitle "Corr 2022"]
[Source "ChessBase"]
[SourceDate "2021.10.24"]
[SourceVersion "1"]
[SourceVersionDate "2021.10.24"]
[SourceQuality "1"]

1. e4 e5 2. Nf3 Nc6 3. Bc4 Bc5 4. b4 Bxb4 5. c3 Bd6 6. d4 h6 7. 0-0 Qe7 8. Be3 Nf6 9. Nbd2 b6 10. dxe5 Nxe5 11. Bb3 0-0 12. Nc4 Nxc4 13. Bxc4 Bb7 14. Bd5 Nxd5 15. exd5 Qe4 16. Qb3 Bxd5 17. Qb2 Qe6 18. Rfe1 Bxf3 0-1

[Event "LSS No Engine Cup 196 Preliminary 0"]
[Site "LSS email"]
[Date "2019.12.19"]
[Round "?"]
[White "Zmolil, Karel"]
[Black "Oberlaender, Rolf"]
[Result "1-0"]
[WhiteElo "1394"]
[BlackElo "1047"]
[PlyCount "83"]
[EventDate "2019.12.20"]
[EventType "tourn (corr)"]
[EventRounds "6"]
[EventCountry "GER"]
[SourceTitle "Corr 2022"]
[Source "ChessBase"]
[SourceDate "2021.10.24"]
[SourceVersion "1"]
[SourceVersionDate "2021.10.24"]
[SourceQuality "1"]

1. e4 e6 2. d4 d5 3. exd5 exd5 4. Bd3 Nf6 5. Ne2 Be7 6. 0-0 0-0 7. Nf4 Nc6 8. c3 Bd6 9. Nh5 Ng4 10. h3 Qh4 11. Nf4 Nf6 12. g3 Qh6 13. h4 g5 14. Ng2 Ne4 15. Bxe4 dxe4 16. Bxg5 Qg6 17. Nf4 Bxf4 18. Bxf4 Bg4 19. Qc2 Bf5 20. Qe2 Bg4 21. Qe3 Bf3 22. Nd2 Qg4 23. Kh2 Rae8 24. Bh6 Ne7 25. Qg5+ Ng6 26. Qxg4 Bxg4 27. Bxf8 Kxf8 28. Rae1 f5 29. Re3 Ne7 30. Nc4 Nd5 31. Ree1 Kg7 32. Ne5 h5 33. Kg2 c5 34. f3 exf3+ 35. Kf2 Nf6 36. Nxf3 Ne4+ 37. Kg2 b6 38. Ne5 Nd2 39. Rf2 Ne4 40. Rf4 a5 41. Nxg4 hxg4 42. Rxf5 1-0

[Event "OP-2019-0-04876"]
[Site "LSS email"]
[Date "2019.11.21"]
[Round "?"]
[White "Oberlaender, Rolf"]
[Black "Firnhaber, Ingo"]
[Result "0-1"]
[WhiteElo "611"]
[BlackElo "2371"]
[PlyCount "48"]
[EventDate "2019.11.10"]
[EventType "tourn (corr)"]
[EventRounds "4"]
[EventCountry "GER"]
[SourceTitle "Corr 2022"]
[Source "ChessBase"]
[SourceDate "2021.10.24"]
[SourceVersion "1"]
[SourceVersionDate "2021.10.24"]
[SourceQuality "1"]

1. e4 c5 2. d4 cxd4 3. c3 d5 4. exd5 Qxd5 5. cxd4 Nc6 6. Nf3 e5 7. Nc3 Bb4 8. Bd2 Bxc3 9. Bxc3 e4 10. Nd2 Nf6 11. Bc4 Qg5 12. Qb3 0-0 13. 0-0-0 a6 14. d5 Ne5 15. h4 Qf4 16. Bxe5 Qxe5 17. Rhe1 Bf5 18. Nf3 Qf4+ 19. Nd2 Rfc8 20. g3 Qd6 21. Re3 b5 22. Kb1 bxc4 23. Nxc4 Qc5 24. d6 Qxc4 0-1

[Event "SN-2019-0-00994"]
[Site "LSS email"]
[Date "2019.10.27"]
[Round "?"]
[White "Akyuerek, Serdar"]
[Black "Oberlaender, Rolf"]
[Result "1-0"]
[WhiteElo "800"]
[BlackElo "595"]
[PlyCount "27"]
[EventDate "2019.09.19"]
[EventType "tourn (corr)"]
[EventRounds "6"]
[EventCountry "GER"]
[SourceTitle "Corr 2022"]
[Source "ChessBase"]
[SourceDate "2021.10.24"]
[SourceVersion "1"]
[SourceVersionDate "2021.10.24"]
[SourceQuality "1"]

1. g3 e5 2. Bg2 Nc6 3. c4 Bc5 4. d3 Nf6 5. Nf3 0-0 6. Nc3 a6 7. Nxe5 Nxe5 8. d4 Bxd4 9. Qxd4 Nc6 10. Qd3 Nb4 11. Qd1 Rb8 12. 0-0 c6 13. Bf4 Ra8 14. a3 1-0

[Event "RN-2019-0-01566"]
[Site "LSS email"]
[Date "2019.10.01"]
[Round "?"]
[White "Oberlaender, Rolf"]
[Black "Hickl, Norbert"]
[Result "0-1"]
[WhiteElo "595"]
[BlackElo "918"]
[PlyCount "24"]
[EventDate "2019.09.16"]
[EventType "tourn (corr)"]
[EventRounds "6"]
[EventCountry "GER"]
[SourceTitle "Corr 2022"]
[Source "ChessBase"]
[SourceDate "2021.10.24"]
[SourceVersion "1"]
[SourceVersionDate "2021.10.24"]
[SourceQuality "1"]

1. e4 e6 2. d4 d5 3. Nc3 Nf6 4. Bg5 Be7 5. e5 Nfd7 6. Bxe7 Qxe7 7. Qh5 c5 8. Nb5 cxd4 9. Nc7+ Kd8 10. Nxa8 Nc6 11. Nf3 b6 12. Bb5 Qb4+ 0-1

[Event "RN-2019-0-01566"]
[Site "LSS email"]
[Date "2019.10.01"]
[Round "?"]
[White "Venturas, Bob"]
[Black "Oberlaender, Rolf"]
[Result "0-1"]
[WhiteElo "505"]
[BlackElo "595"]
[PlyCount "64"]
[EventDate "2019.09.16"]
[EventType "tourn (corr)"]
[EventRounds "6"]
[EventCountry "GER"]
[SourceTitle "Corr 2022"]
[Source "ChessBase"]
[SourceDate "2021.10.24"]
[SourceVersion "1"]
[SourceVersionDate "2021.10.24"]
[SourceQuality "1"]

1. e4 Nc6 2. d4 d5 3. e5 Bf5 4. Nc3 e6 5. a3 Nge7 6. Bg5 Qd7 7. Nf3 0-0-0 8. Bd3 h6 9. Bh4 g5 10. Bg3 g4 11. Nd2 Nxd4 12. Na2 h5 13. Bh4 Bg7 14. c3 Bxd3 15. cxd4 Rdf8 16. Qb3 Ba6 17. Nb4 Bb5 18. Nb1 Nf5 19. Bg5 Nxd4 20. Qe3 c5 21. Qc3 Bc4 22. Nd3 Nb5 23. Qd2 Bxd3 24. Qxd3 Bxe5 25. Nc3 c4 26. Qc2 Nd4 27. Qd1 f5 28. g3 Nf3+ 29. Ke2 Nxg5 30. Rf1 f4 31. gxf4 Rxf4 32. Kd2 Rd4+ 0-1

[Event "IECC CL0-2019.00 email"]
[Site "IECC email"]
[Date "2019.09.07"]
[Round "?"]
[White "Oberlaender, Rolf"]
[Black "Stadler, Pavel"]
[Result "0-1"]
[WhiteElo "645"]
[BlackElo "1205"]
[PlyCount "72"]
[EventDate "2019.07.30"]
[EventType "tourn (corr)"]
[EventRounds "4"]
[SourceTitle "Corr 2022"]
[Source "ChessBase"]
[SourceDate "2021.10.24"]
[SourceVersion "1"]
[SourceVersionDate "2021.10.24"]
[SourceQuality "1"]

1. e4 e5 2. f4 Bc5 3. Nf3 d6 4. c3 Nc6 5. fxe5 dxe5 6. b4 Bd6 7. Na3 Nf6 8. Nc4 Bg4 9. Be2 Nxe4 10. 0-0 0-0 11. d4 Nxc3 12. Qd3 Nxe2+ 13. Qxe2 Nxd4 14. Qe4 Bxf3 15. gxf3 c6 16. f4 Bxb4 17. fxe5 Bc5 18. Kh1 Qd5 19. Qxd5 cxd5 20. Ne3 Rad8 21. Bb2 Nc6 22. Ng4 Bd4 23. Rab1 Bxb2 24. Rxb2 b6 25. Rc2 Nb4 26. Rc7 h5 27. a3 Nd3 28. Rxa7 hxg4 29. Rb7 Nxe5 30. Rxb6 d4 31. Rd1 d3 32. Kg2 f5 33. a4 Nc4 34. Re6 Rf6 35. Rxf6 gxf6 36. Kg3 d2 0-1

[Event "IECC CL0-2019.00 email"]
[Site "IECC email"]
[Date "2019.09.04"]
[Round "?"]
[White "Neumann, Otto"]
[Black "Oberlaender, Rolf"]
[Result "1-0"]
[WhiteElo "859"]
[BlackElo "645"]
[PlyCount "57"]
[EventDate "2019.07.30"]
[EventType "tourn (corr)"]
[EventRounds "4"]
[SourceTitle "Corr 2022"]
[Source "ChessBase"]
[SourceDate "2021.10.24"]
[SourceVersion "1"]
[SourceVersionDate "2021.10.24"]
[SourceQuality "1"]

1. Nf3 d5 2. d4 Nf6 3. c4 dxc4 4. Qa4+ Bd7 5. Qxc4 Bc6 6. Bf4 e6 7. Nbd2 Nbd7 8. e3 Nb6 9. Qc2 Bb4 10. a3 Bxd2+ 11. Nxd2 0-0 12. Bd3 Nbd5 13. Be5 a6 14. 0-0 Bb5 15. Nc4 h6 16. Rac1 Qd7 17. Qe2 c5 18. dxc5 a5 19. e4 Nc7 20. Bb1 Nce8 21. Qc2 Ng4 22. Bg3 Qc6 23. e5 g6 24. Rfe1 Rc8 25. h3 Nxf2 26. Bxf2 a4 27. Nd6 Nxd6 28. exd6 b6 29. Rxe6 1-0

[Event "IECC CL0-2019.00 email"]
[Site "IECC email"]
[Date "2019.09.04"]
[Round "?"]
[White "Oberlaender, Rolf"]
[Black "Shim Ng Min, Francis"]
[Result "0-1"]
[WhiteElo "645"]
[BlackElo "1272"]
[PlyCount "36"]
[EventDate "2019.07.30"]
[EventType "tourn (corr)"]
[EventRounds "4"]
[SourceTitle "Corr 2022"]
[Source "ChessBase"]
[SourceDate "2021.10.24"]
[SourceVersion "1"]
[SourceVersionDate "2021.10.24"]
[SourceQuality "1"]

1. e4 c5 2. d4 cxd4 3. c3 d3 4. Bxd3 e5 5. Nf3 Nc6 6. Be3 Nf6 7. 0-0 Be7 8. Qb3 0-0 9. Nbd2 d6 10. Rfd1 Ng4 11. Nc4 Nxe3 12. fxe3 Rb8 13. Rac1 Be6 14. Be2 Qc7 15. Rd2 Na5 16. Qb4 Nxc4 17. Bxc4 Bxc4 18. Qa4 b5 0-1

[Event "IECC CL0-2019.00 email"]
[Site "IECC email"]
[Date "2019.09.04"]
[Round "?"]
[White "Razo, Ryan Jose"]
[Black "Oberlaender, Rolf"]
[Result "1-0"]
[WhiteElo "1142"]
[BlackElo "645"]
[PlyCount "51"]
[EventDate "2019.07.30"]
[EventType "tourn (corr)"]
[EventRounds "4"]
[SourceTitle "Corr 2022"]
[Source "ChessBase"]
[SourceDate "2021.10.24"]
[SourceVersion "1"]
[SourceVersionDate "2021.10.24"]
[SourceQuality "1"]

1. Nf3 Nf6 2. c4 g6 3. d4 Bg7 4. g3 d5 5. Bg2 0-0 6. cxd5 Nxd5 7. 0-0 c5 8. e4 Nf6 9. e5 Nd5 10. dxc5 e6 11. Na3 Nc6 12. Nc4 b5 13. cxb6 Qd7 14. Qe2 Ba6 15. Qe4 Bxc4 16. Qxc4 Bxe5 17. Nxe5 Nxe5 18. Qe2 Nc6 19. Bh6 Rfe8 20. bxa7 Rxa7 21. Rfe1 Qd6 22. Rad1 Qb8 23. Rxd5 Rxa2 24. Rd7 Rxb2 25. Qf3 Rb1 26. Qxf7+ 1-0

[Event "OP-2019-0-04818"]
[Site "LSS email"]
[Date "2019.08.05"]
[Round "?"]
[White "Oberlaender, Rolf"]
[Black "Vontina, Maria"]
[Result "0-1"]
[WhiteElo "645"]
[BlackElo "795"]
[PlyCount "36"]
[EventDate "2019.07.30"]
[EventType "tourn (corr)"]
[EventRounds "4"]
[EventCountry "GER"]
[SourceTitle "Corr 2022"]
[Source "ChessBase"]
[SourceDate "2021.10.24"]
[SourceVersion "1"]
[SourceVersionDate "2021.10.24"]
[SourceQuality "1"]

1. c4 Nf6 2. Nf3 d5 3. e3 g6 4. d3 Bg7 5. Be2 0-0 6. 0-0 dxc4 7. Nc3 cxd3 8. Bxd3 Nbd7 9. Qe2 Nb6 10. Rd1 Qe8 11. Nb5 Qc6 12. Ne5 Qc5 13. Nf3 a6 14. b4 Qc6 15. Bc4 Nxc4 16. Nfd4 Qb6 17. Nc3 Nd6 18. a3 Bg4 0-1

[Event "SN-2019-0-00983"]
[Site "LSS email"]
[Date "2019.07.13"]
[Round "?"]
[White "Oberlaender, Rolf"]
[Black "Plastinin, Alexandr"]
[Result "0-1"]
[WhiteElo "614"]
[BlackElo "1066"]
[PlyCount "38"]
[EventDate "2019.06.23"]
[EventType "tourn (corr)"]
[EventRounds "6"]
[EventCountry "GER"]
[SourceTitle "Corr 2022"]
[Source "ChessBase"]
[SourceDate "2021.10.24"]
[SourceVersion "1"]
[SourceVersionDate "2021.10.24"]
[SourceQuality "1"]

1. e4 e5 2. Nf3 Nc6 3. Bc4 Be7 4. c3 Nf6 5. Qe2 0-0 6. 0-0 d6 7. Rd1 Bg4 8. d4 exd4 9. cxd4 Na5 10. Bb5 Nc6 11. e5 a6 12. Bxc6 bxc6 13. exf6 Bxf6 14. Rd3 Re8 15. Qd1 Re6 16. d5 cxd5 17. Rxd5 Qe7 18. Nc3 Bxc3 19. bxc3 Bxf3 0-1

[Event "ZN-2019-0-04014"]
[Site "LSS email"]
[Date "2019.07.11"]
[Round "?"]
[White "Churyaev, Aleksej"]
[Black "Oberlaender, Rolf"]
[Result "1-0"]
[WhiteElo "941"]
[BlackElo "607"]
[PlyCount "75"]
[EventDate "2019.07.03"]
[EventType "match (corr)"]
[EventRounds "2"]
[EventCountry "GER"]
[SourceTitle "Corr 2022"]
[Source "ChessBase"]
[SourceDate "2021.10.24"]
[SourceVersion "1"]
[SourceVersionDate "2021.10.24"]
[SourceQuality "1"]

1. Nf3 d5 2. e3 Nf6 3. h3 e6 4. b3 c5 5. Bb2 Be7 6. d3 Nbd7 7. Nbd2 0-0 8. Be2 Re8 9. g4 c4 10. dxc4 Nb6 11. c3 Ne4 12. Nxe4 dxe4 13. Nd2 Bh4 14. Nxe4 f5 15. Ng3 Nd7 16. gxf5 Bxg3 17. fxg3 exf5 18. Kf2 Qb6 19. Qd5+ Kh8 20. Qd4 Nc5 21. b4 Ne4+ 22. Kg2 Qg6 23. g4 h5 24. Rag1 h4 25. Kf1 Ng3+ 26. Rxg3 hxg3 27. Kg2 f4 28. Bd3 Qf7 29. exf4 b6 30. Kxg3 Bb7 31. Rd1 Rad8 32. Qf2 Be4 33. Be2 Rxd1 34. Bxd1 Bd3 35. Qd4 Bxc4 36. Bc2 Re2 37. Qd8+ Re8 38. Qh4+ 1-0

[Event "ZN-2019-0-04014"]
[Site "LSS email"]
[Date "2019.07.11"]
[Round "?"]
[White "Oberlaender, Rolf"]
[Black "Churyaev, Aleksej"]
[Result "1-0"]
[WhiteElo "607"]
[BlackElo "941"]
[PlyCount "45"]
[EventDate "2019.07.03"]
[EventType "match (corr)"]
[EventRounds "2"]
[EventCountry "GER"]
[SourceTitle "Corr 2022"]
[Source "ChessBase"]
[SourceDate "2021.10.24"]
[SourceVersion "1"]
[SourceVersionDate "2021.10.24"]
[SourceQuality "1"]

1. e4 c5 2. d4 cxd4 3. c3 dxc3 4. Nxc3 a6 5. Nf3 d6 6. Bc4 e6 7. 0-0 Nc6 8. Qe2 Qc7 9. Bf4 e5 10. Be3 h6 11. Nd5 Qd8 12. Bb6 Qd7 13. Nc7+ Ke7 14. Nxa8 Nf6 15. Rfd1 Ne8 16. Bc5 Nd4 17. Nxd4 exd4 18. Nb6 Qc6 19. Bxd4 Nf6 20. e5 dxe5 21. Qxe5+ Be6 22. Bc5+ Ke8 23. Qb8+ 1-0

[Event "SN-2019-0-00977"]
[Site "LSS email"]
[Date "2019.05.26"]
[Round "?"]
[White "Oberlaender, Rolf"]
[Black "Ducharme, Steven"]
[Result "1-0"]
[WhiteElo "619"]
[BlackElo "689"]
[PlyCount "27"]
[EventDate "2019.05.12"]
[EventType "tourn (corr)"]
[EventRounds "6"]
[EventCountry "GER"]
[SourceTitle "Corr 2022"]
[Source "ChessBase"]
[SourceDate "2021.10.24"]
[SourceVersion "1"]
[SourceVersionDate "2021.10.24"]
[SourceQuality "1"]

1. e4 c6 2. c4 d5 3. Nc3 d4 4. Na4 b5 5. Nc5 e5 6. Nb3 Bd7 7. Nf3 a5 8. cxb5 cxb5 9. Nxe5 Bd6 10. Qh5 Bxe5 11. Qxe5+ Kf8 12. Nxd4 Qb6 13. Nf5 Bxf5 14. Qxf5 1-0

[Event "SN-2019-0-00977"]
[Site "LSS email"]
[Date "2019.05.26"]
[Round "?"]
[White "Plastinin, Alexandr"]
[Black "Oberlaender, Rolf"]
[Result "1-0"]
[WhiteElo "987"]
[BlackElo "619"]
[PlyCount "69"]
[EventDate "2019.05.12"]
[EventType "tourn (corr)"]
[EventRounds "6"]
[EventCountry "GER"]
[SourceTitle "Corr 2022"]
[Source "ChessBase"]
[SourceDate "2021.10.24"]
[SourceVersion "1"]
[SourceVersionDate "2021.10.24"]
[SourceQuality "1"]

1. e4 c6 2. Nf3 d5 3. exd5 cxd5 4. d4 Nf6 5. Bg5 Ne4 6. Bb5+ Nc6 7. 0-0 a6 8. Bxc6+ bxc6 9. Be3 g6 10. c3 Bg7 11. Nbd2 Bg4 12. h3 Nxd2 13. Bxd2 Be6 14. Re1 0-0 15. Ng5 Bd7 16. Qe2 Re8 17. Qf3 f6 18. Ne6 Bxe6 19. Rxe6 Qd7 20. Rae1 h5 21. g4 h4 22. g5 f5 23. Rxg6 e6 24. Qh5 Qf7 25. Qh6 Ra7 26. Bf4 a5 27. Be5 Qf8 28. Qxh4 Ree7 29. Bf6 Re8 30. Qh5 Rf7 31. Bxg7 Rxg7 32. Rxg7+ Qxg7 33. Qxe8+ Kh7 34. Qh5+ Kg8 35. Rxe6 1-0

[Event "IECC CL0-2019.00 email"]
[Site "IECC email"]
[Date "2019.05.04"]
[Round "?"]
[White "Oberlaender, Rolf"]
[Black "Caviglia, Maximiliano"]
[Result "1/2-1/2"]
[WhiteElo "678"]
[BlackElo "1374"]
[PlyCount "36"]
[EventDate "2019.03.09"]
[EventType "tourn (corr)"]
[EventRounds "4"]
[SourceTitle "Corr 2022"]
[Source "ChessBase"]
[SourceDate "2021.10.24"]
[SourceVersion "1"]
[SourceVersionDate "2021.10.24"]
[SourceQuality "1"]

1. e4 c5 2. d4 a6 3. Bf4 cxd4 4. c3 dxc3 5. Nxc3 d6 6. Nf3 Nf6 7. Bc4 g6 8. 0-0 Bg7 9. Qe2 0-0 10. Rfd1 Qc7 11. Rac1 Nc6 12. Bb3 Bg4 13. Nd5 Qd8 14. h3 Be6 15. e5 Nxd5 16. Bxd5 Bxd5 17. Rxd5 e6 18. Rxd6 Qa5 1/2-1/2

[Event "IECC CL0-2019.00 email"]
[Site "IECC email"]
[Date "2019.04.29"]
[Round "?"]
[White "Oberlaender, Rolf"]
[Black "Shim Ng Min, Francis"]
[Result "0-1"]
[WhiteElo "678"]
[BlackElo "1261"]
[PlyCount "24"]
[EventDate "2019.03.09"]
[EventType "tourn (corr)"]
[EventRounds "4"]
[SourceTitle "Corr 2022"]
[Source "ChessBase"]
[SourceDate "2021.10.24"]
[SourceVersion "1"]
[SourceVersionDate "2021.10.24"]
[SourceQuality "1"]

1. e4 c5 2. d4 cxd4 3. c3 d3 4. Nf3 d6 5. Bxd3 Nf6 6. 0-0 e5 7. Qe2 Be7 8. Rd1 0-0 9. Bc4 Qc7 10. b3 Bg4 11. Be3 Nxe4 12. Na3 Nxc3 0-1

[Event "SN-2019-0-00961"]
[Site "LSS email"]
[Date "2019.02.11"]
[Round "?"]
[White "Oberlaender, Rolf"]
[Black "Neuhausen, Rainer"]
[Result "0-1"]
[WhiteElo "731"]
[BlackElo "891"]
[PlyCount "54"]
[EventDate "2019.01.13"]
[EventType "tourn (corr)"]
[EventRounds "6"]
[EventCountry "GER"]
[SourceTitle "Corr 2022"]
[Source "ChessBase"]
[SourceDate "2021.10.24"]
[SourceVersion "1"]
[SourceVersionDate "2021.10.24"]
[SourceQuality "1"]

1. e4 e5 2. Nf3 Nc6 3. Bc4 Bc5 4. b4 Bb6 5. Ba3 Nf6 6. Ng5 0-0 7. 0-0 d6 8. c3 h6 9. b5 Ne7 10. Nf3 Bg4 11. h3 Bh5 12. Re1 Ng6 13. d4 Nf4 14. Bb2 Bg6 15. dxe5 Nxe4 16. Nd4 dxe5 17. Qf3 Ng5 18. Qe3 Be4 19. Nd2 Bxg2 20. Qxe5 Ngxh3+ 21. Kh2 Qh4 22. Nf5 Qg4 23. Be2 Nxe2 24. Rxe2 Rae8 25. Ne7+ Kh8 26. c4 Nf4 27. Re3 Qh4+ 0-1

[Event "SN-2019-0-00961"]
[Site "LSS email"]
[Date "2019.02.11"]
[Round "?"]
[White "Oberlaender, Rolf"]
[Black "Pehl, Ferenc"]
[Result "0-1"]
[WhiteElo "731"]
[BlackElo "901"]
[PlyCount "65"]
[EventDate "2019.01.13"]
[EventType "tourn (corr)"]
[EventRounds "6"]
[EventCountry "GER"]
[SourceTitle "Corr 2022"]
[Source "ChessBase"]
[SourceDate "2021.10.24"]
[SourceVersion "1"]
[SourceVersionDate "2021.10.24"]
[SourceQuality "1"]

1. e4 e5 2. Nf3 Nc6 3. Bc4 Bc5 4. b4 Bxb4 5. c3 Be7 6. 0-0 h6 7. d4 exd4 8. cxd4 d6 9. Nc3 Nf6 10. Qe2 0-0 11. Nh4 Nxd4 12. Qd3 Nc6 13. Bxh6 gxh6 14. Qg3+ Kh7 15. Bd3 Ne5 16. Bc2 Rg8 17. Qe3 Nfg4 18. Qe2 Bxh4 19. Nd5 c6 20. Ne3 Nxe3 21. fxe3 Be6 22. Bb3 Bxb3 23. axb3 Bg5 24. Rad1 Qe7 25. Kh1 Qe6 26. Qf3 Raf8 27. Qf5+ Qxf5 28. Rxf5 Be7 29. g3 Kg6 30. h4 h5 31. Kg1 Ng4 32. Re1 d5 33. e5 0-1

[Event "SN-2019-0-00961"]
[Site "LSS email"]
[Date "2019.02.11"]
[Round "?"]
[White "Vontina, Maria"]
[Black "Oberlaender, Rolf"]
[Result "1-0"]
[WhiteElo "856"]
[BlackElo "731"]
[PlyCount "46"]
[EventDate "2019.01.13"]
[EventType "tourn (corr)"]
[EventRounds "6"]
[EventCountry "GER"]
[SourceTitle "Corr 2022"]
[Source "ChessBase"]
[SourceDate "2021.10.24"]
[SourceVersion "1"]
[SourceVersionDate "2021.10.24"]
[SourceQuality "1"]

1. e4 e5 2. Nf3 Nc6 3. Bb5 a6 4. Ba4 b5 5. Bb3 Nf6 6. 0-0 d5 7. exd5 Na5 8. Nxe5 Nxb3 9. axb3 Nxd5 10. d4 Bd6 11. Re1 0-0 12. Nd2 Re8 13. Ndf3 Bb7 14. c4 bxc4 15. bxc4 Nb4 16. b3 Qf6 17. Ba3 Bxf3 18. Nxf3 Rxe1+ 19. Nxe1 Nc6 20. d5 Nd4 21. Bxd6 cxd6 22. Rb1 a5 23. Nf3 Ne2+ 1-0

[Event "OP-2019-0-04723"]
[Site "LSS email"]
[Date "2019.01.30"]
[Round "?"]
[White "Garrett, Keith"]
[Black "Oberlaender, Rolf"]
[Result "1-0"]
[WhiteElo "1432"]
[BlackElo "737"]
[PlyCount "43"]
[EventDate "2019.01.25"]
[EventType "tourn (corr)"]
[EventRounds "4"]
[EventCountry "GER"]
[SourceTitle "Corr 2022"]
[Source "ChessBase"]
[SourceDate "2021.10.24"]
[SourceVersion "1"]
[SourceVersionDate "2021.10.24"]
[SourceQuality "1"]

1. d4 Nf6 2. c4 g6 3. Nc3 Bg7 4. e4 d6 5. f4 0-0 6. Nf3 c5 7. d5 e6 8. Be2 exd5 9. cxd5 a6 10. a4 b6 11. 0-0 Bb7 12. Bc4 Re8 13. e5 dxe5 14. fxe5 Ng4 15. Bg5 Qc7 16. d6 Qd7 17. Nd5 Bxd5 18. Qxd5 Nc6 19. Rae1 Ncxe5 20. Nxe5 Nxe5 21. Rxe5 Re6 22. Qxa8+ 1-0

[Event "OP-2019-0-04723"]
[Site "LSS email"]
[Date "2019.01.30"]
[Round "?"]
[White "Oberlaender, Rolf"]
[Black "Lauer, Frederic"]
[Result "0-1"]
[WhiteElo "737"]
[BlackElo "1233"]
[PlyCount "64"]
[EventDate "2019.01.25"]
[EventType "tourn (corr)"]
[EventRounds "4"]
[EventCountry "GER"]
[SourceTitle "Corr 2022"]
[Source "ChessBase"]
[SourceDate "2021.10.24"]
[SourceVersion "1"]
[SourceVersionDate "2021.10.24"]
[SourceQuality "1"]

1. e4 c5 2. d4 cxd4 3. c3 d5 4. exd5 Qxd5 5. cxd4 Nc6 6. Nf3 e5 7. Nc3 Bb4 8. Be2 exd4 9. Nxd4 Qxd4 10. Qxd4 Nxd4 11. Bd3 Bd7 12. 0-0 0-0-0 13. Be3 Bc5 14. Rfc1 Kb8 15. Nd5 b6 16. Bf4+ Kb7 17. b4 Bb5 18. Bxb5 Rxd5 19. bxc5 Nxb5 20. c6+ Kc8 21. Rd1 Nf6 22. Rxd5 Nxd5 23. Bg3 f5 24. Be5 Rg8 25. a4 Nbc7 26. Kf1 g6 27. a5 Re8 28. Bf4 Nxf4 29. axb6 axb6 30. Rd1 Re6 31. f3 Rxc6 32. g3 Nfe6 0-1